[Event "Madrid-chT 2021"]
[Site "Madrid"]
[Date "2021.06.06"]
[Round "14.2"]
[White "Tejedo Meneses, Alvaro"]
[Black "Ingunza Curro, Andres"]
[Result "0-1"]
[WhiteElo "2052"]
[BlackElo "2406"]
[PlyCount "104"]
[EventDate "2021.01.23"]
[EventType "team-tourn"]
[EventRounds "14"]
[EventCountry "ESP"]
[SourceTitle "EXT 2022"]
[Source "ChessBase"]
[SourceDate "2021.10.06"]
[SourceVersion "1"]
[SourceVersionDate "2021.10.06"]
[SourceQuality "1"]
[WhiteTeam "Capablanca"]
[BlackTeam "Tajamar"]
[WhiteTeamCountry "ESP"]
[BlackTeamCountry "ESP"]

1. e4 e5 2. Nf3 Nc6 3. Bb5 a6 4. Ba4 Nge7 5. c3 g6 6. d4 exd4 7. cxd4 b5 8. Bb3 Bg7 9. Bg5 h6 10. Be3 d5 11. e5 0-0 12. Qd2 Kh7 13. 0-0 Bf5 14. Rc1 Qd7 15. a3 Rac8 16. Ba2 Nd8 17. b4 Ne6 18. Nc3 c6 19. Ne2 Nc7 20. Ng3 Na8 21. Ne1 Nb6 22. Nxf5 Nxf5 23. Nd3 Nc4 24. Nc5 Qe7 25. Qd3 f6 26. e6 Nfd6 27. Re1 Ra8 28. Bf4 a5 29. Bxd6 Nxd6 30. Bb3 a4 31. Bc2 f5 32. Re3 Rfe8 33. Nd7 Ne4 34. Nc5 Qf6 35. Rae1 Qxd4 36. Qxd4 Bxd4 37. Bxe4 fxe4 38. R3e2 Bxc5 39. bxc5 Rxe6 40. f3 Rae8 41. Kf2 Kg7 42. fxe4 Rxe4 43. Rxe4 Rxe4 44. Rxe4 dxe4 45. Ke3 b4 46. axb4 a3 47. b5 a2 48. bxc6 a1Q 49. Kxe4 Qa7 50. Kd5 Qe7 51. Kc4 Kf6 52. Kb5 Qc7 0-1

[Event "Madrid-chT 2021"]
[Site "Madrid"]
[Date "2021.03.07"]
[Round "3.3"]
[White "Martin Duque, Jesus"]
[Black "Tejedo Meneses, Alvaro"]
[Result "1-0"]
[WhiteElo "2439"]
[BlackElo "2052"]
[PlyCount "83"]
[EventDate "2021.01.23"]
[EventType "team-tourn"]
[EventRounds "14"]
[EventCountry "ESP"]
[SourceTitle "EXT 2022"]
[Source "ChessBase"]
[SourceDate "2021.10.06"]
[SourceVersion "1"]
[SourceVersionDate "2021.10.06"]
[SourceQuality "1"]
[WhiteTeam "Collado Villalba"]
[BlackTeam "Capablanca"]
[WhiteTeamCountry "ESP"]
[BlackTeamCountry "ESP"]

1. e4 c5 2. Nf3 d6 3. d4 cxd4 4. Nxd4 Nf6 5. Nc3 a6 6. Rg1 Nc6 7. Nb3 b5 8. g4 Bb7 9. g5 Nd7 10. Be3 e6 11. f4 Be7 12. Bd3 Qc7 13. Qe2 Nc5 14. Nxc5 dxc5 15. Qf2 Nb4 16. Bf1 Rd8 17. Bg2 Rd7 18. a3 Nc6 19. e5 Nd4 20. Bxb7 Qxb7 21. 0-0-0 Qc6 22. Kb1 Nf5 23. Rxd7 Kxd7 24. Bc1 Kc7 25. Re1 Rd8 26. Ne4 Rd4 27. Qe2 Qd7 28. Qh5 Qc6 29. Ng3 Nxg3 30. hxg3 g6 31. Qxh7 Qe8 32. g4 Kb6 33. f5 Rxg4 34. fxe6 fxe6 35. Qh3 Rd4 36. Qxe6+ Kb7 37. Rh1 Qd7 38. Qxg6 Rd1 39. Rxd1 Qxd1 40. Qf7 Qd8 41. g6 Kc6 42. g7 1-0

[Event "Madrid-chT 2021"]
[Site "Madrid"]
[Date "2021.01.23"]
[Round "1.3"]
[White "Alarcia Astiz, Carlos"]
[Black "Tejedo Meneses, Alvaro"]
[Result "0-1"]
[WhiteElo "2306"]
[BlackElo "2052"]
[PlyCount "60"]
[EventDate "2021.01.23"]
[EventType "team-tourn"]
[EventRounds "14"]
[EventCountry "ESP"]
[SourceTitle "EXT 2022"]
[Source "ChessBase"]
[SourceDate "2021.10.06"]
[SourceVersion "1"]
[SourceVersionDate "2021.10.06"]
[SourceQuality "1"]
[WhiteTeam "Blanco y Negro"]
[BlackTeam "Capablanca"]
[WhiteTeamCountry "ESP"]
[BlackTeamCountry "ESP"]

1. e4 c5 2. Nf3 d6 3. d4 cxd4 4. Nxd4 Nf6 5. Nc3 a6 6. f4 e5 7. Nf3 Nbd7 8. Bd3 b5 9. a3 Bb7 10. 0-0 Be7 11. Qe1 0-0 12. Kh1 Re8 13. fxe5 dxe5 14. Bg5 Qc7 15. Nh4 g6 16. Qf2 Rac8 17. Rad1 Qc5 18. Be3 Qc7 19. Bg5 Qc5 20. Qf3 Qb6 21. Rd2 Qe6 22. Rdf2 Ng4 23. Qxf7+ Qxf7 24. Rxf7 Bxg5 25. Rxd7 Bc6 26. Ra7 Bxh4 27. Rff7 Nf6 28. Nd1 Rf8 29. Rg7+ Kh8 30. Ne3 Bf2 0-1

[Event "Collado Villalba op 24th"]
[Site "Collado Villalba"]
[Date "2007.08.24"]
[Round "2"]
[White "Tejedo Meneses, Alvaro"]
[Black "Elissalt Cardenas, Hector"]
[Result "0-1"]
[WhiteElo "2056"]
[BlackElo "2329"]
[PlyCount "58"]
[EventDate "2007.08.23"]
[EventType "swiss"]
[EventRounds "9"]
[EventCountry "ESP"]
[SourceTitle "EXT 2008"]
[Source "ChessBase"]
[SourceDate "2007.11.25"]
[SourceVersion "1"]
[SourceVersionDate "2007.11.25"]
[SourceQuality "1"]

1. e4 e6 2. d4 d5 3. Nc3 Nc6 4. e5 f6 5. exf6 Qxf6 6. Nf3 a6 7. Bd3 Bd6 8. 0-0 Nge7 9. Bg5 Qf7 10. Bxe7 Bxe7 11. Qd2 h6 12. Nd1 0-0 13. c3 Bd7 14. Ne3 Bd6 15. Qc2 Qf4 16. Be2 Rae8 17. g3 Qf7 18. Rad1 e5 19. dxe5 Nxe5 20. Nxe5 Rxe5 21. c4 Bh3 22. Ng2 Bc5 23. cxd5 Bxf2+ 24. Kh1 Rxd5 25. Rxd5 Qxd5 26. Rg1 b5 27. Qd1 Qb7 28. Bd3 Bxg1 29. Qxg1 Qf3 0-1

[Event "Madrid San Viator 07th"]
[Site "Madrid"]
[Date "2007.05.27"]
[Round "10"]
[White "Fernandez del Rio, Sergio"]
[Black "Tejedo Meneses, Alvaro"]
[Result "0-1"]
[WhiteElo "1981"]
[BlackElo "2056"]
[PlyCount "102"]
[EventDate "2007.05.05"]
[EventType "tourn"]
[EventRounds "10"]
[EventCountry "ESP"]
[SourceTitle "EXT 2008"]
[Source "ChessBase"]
[SourceDate "2007.11.25"]
[SourceVersion "1"]
[SourceVersionDate "2007.11.25"]
[SourceQuality "1"]

1. d4 Nf6 2. c4 g6 3. Nc3 d5 4. Nf3 Bg7 5. e3 0-0 6. Be2 c6 7. 0-0 Nbd7 8. b4 Nb6 9. c5 Nbd7 10. a4 Qc7 11. Bb2 h6 12. b5 e5 13. Nxe5 Nxe5 14. dxe5 Qxe5 15. Qc1 Bg4 16. h3 Bxe2 17. Nxe2 Qc7 18. Bd4 Nd7 19. Qb2 Bxd4 20. exd4 Rae8 21. Qd2 Re7 22. Rae1 Rfe8 23. Ng3 Kg7 24. Rxe7 Rxe7 25. Rb1 Qd8 26. bxc6 bxc6 27. Rb7 Nf8 28. Rxe7 Qxe7 29. Qb4 Ne6 30. Kf1 Qf6 31. Ne2 Qf5 32. a5 Qd3 33. Ke1 Qc2 34. Qb7 Qe4 35. f3 Qe3 36. Qb4 Nf4 37. Qd2 Nxg2+ 38. Kd1 Qxf3 39. Qc3 Qf1+ 40. Kd2 Qe1+ 41. Kd3 Qd1+ 42. Qd2 Ne1+ 43. Ke3 Nc2+ 44. Kd3 Nb4+ 45. Ke3 Qxd2+ 46. Kxd2 Kf6 47. Ke3 Kg5 48. Kf3 Kh4 49. Kg2 Nc2 50. Kh2 g5 51. Kg2 f5 0-1

[Event "Madrid San Viator 07th"]
[Site "Madrid"]
[Date "2007.05.15"]
[Round "5"]
[White "Tejedo Meneses, Alvaro"]
[Black "Fernandez del Rio, Sergio"]
[Result "0-1"]
[WhiteElo "2056"]
[BlackElo "1981"]
[PlyCount "96"]
[EventDate "2007.05.05"]
[EventType "tourn"]
[EventRounds "10"]
[EventCountry "ESP"]
[SourceTitle "EXT 2008"]
[Source "ChessBase"]
[SourceDate "2007.11.25"]
[SourceVersion "1"]
[SourceVersionDate "2007.11.25"]
[SourceQuality "1"]

1. e4 c5 2. Nf3 d6 3. d4 cxd4 4. Nxd4 a6 5. c4 Nf6 6. Nc3 e5 7. Nc2 Be6 8. Bd3 Nbd7 9. 0-0 Nc5 10. Bg5 Be7 11. Ne3 Nfxe4 12. Nxe4 Bxg5 13. Nxg5 Qxg5 14. Bc2 Qe7 15. Qh5 Nd7 16. Rfd1 g6 17. Qf3 Nb6 18. Be4 Rb8 19. Bd5 0-0 20. Rd2 f5 21. Rad1 Rfd8 22. Bxe6+ Qxe6 23. b3 Rd7 24. h4 Rbd8 25. a4 Nc8 26. Nd5 g5 27. Qh5 Rg7 28. Rd3 e4 29. Rg3 Qg6 30. Qe2 Ne7 31. a5 g4 32. Nf4 Qh6 33. Qd2 Rd7 34. h5 Qf6 35. Rc3 Nc6 36. Qd5+ Qf7 37. Qd2 Ne5 38. Kf1 Nd3 39. Nxd3 exd3 40. Rxd3 Qxh5 41. Rxd6 Qh1+ 42. Ke2 Rge7+ 43. Qe3 Rxe3+ 44. Kxe3 Qxd1 45. Rxd1 Rxd1 46. b4 Kf7 47. b5 axb5 48. cxb5 Ra1 0-1

[Event "Madrid San Viator 07th"]
[Site "Madrid"]
[Date "2007.05.05"]
[Round "1"]
[White "Cardena Contreras, Javier"]
[Black "Tejedo Meneses, Alvaro"]
[Result "1-0"]
[WhiteElo "1895"]
[BlackElo "2056"]
[PlyCount "151"]
[EventDate "2007.05.05"]
[EventType "tourn"]
[EventRounds "10"]
[EventCountry "ESP"]
[SourceTitle "EXT 2008"]
[Source "ChessBase"]
[SourceDate "2007.11.25"]
[SourceVersion "1"]
[SourceVersionDate "2007.11.25"]
[SourceQuality "1"]

1. e4 c5 2. Nf3 d6 3. d4 cxd4 4. Nxd4 Nf6 5. Nc3 e6 6. Be3 a6 7. f3 b5 8. g4 Bb7 9. g5 Nfd7 10. Qd2 Nc6 11. h4 Nde5 12. Be2 Qa5 13. Nb3 Qc7 14. f4 Nc4 15. Bxc4 bxc4 16. Nd4 Nxd4 17. Bxd4 e5 18. Be3 exf4 19. Bxf4 Be7 20. 0-0-0 Rd8 21. h5 0-0 22. g6 Qc5 23. gxh7+ Kxh7 24. Be3 Qa5 25. Rdf1 Bf6 26. Bd4 Bxd4 27. Qxd4 Qe5 28. Qd2 Bxe4 29. Nxe4 Qxe4 30. Re1 Qf5 31. Rhf1 Qd7 32. h6 g6 33. Qg5 Rde8 34. Qf6 Rg8 35. Kb1 d5 36. Qd4 Rc8 37. Qh4 Rce8 38. Rxe8 Qxe8 39. Re1 g5 40. Qf2 Qf8 41. Qf5+ Kh8 42. Qf6+ Kh7 43. Qf5+ Rg6 44. Qxd5 c3 45. Rf1 f6 46. Qd7+ Kh8 47. Re1 Qxh6 48. Qd5 Qf8 49. Qc6 Rh6 50. Re8 Kg7 51. Rxf8 Kxf8 52. bxc3 Kg7 53. Qd7+ Kg6 54. c4 Rh7 55. Qd3+ f5 56. c5 g4 57. Qd6+ Kg5 58. c6 f4 59. Qe5+ Kh4 60. Qxf4 Kh3 61. c7 Rxc7 62. Qxc7 g3 63. Qh7+ Kg2 64. c4 Kf2 65. Qf5+ Kg1 66. c5 g2 67. c6 Kh2 68. Qf4+ Kh1 69. Qh4+ Kg1 70. c7 Kf1 71. Qf4+ Ke2 72. Qg3 Kf1 73. Qf3+ Kg1 74. c8Q a5 75. Qc1+ Kh2 76. Qd2 1-0

[Event "Madrid Pueblo Nuevo IRT 13th"]
[Site "Madrid"]
[Date "2006.11.28"]
[Round "8"]
[White "Callejo Hernanz, Jesus Maria"]
[Black "Tejedo Meneses, Alvaro"]
[Result "0-1"]
[WhiteElo "1834"]
[BlackElo "2022"]
[PlyCount "96"]
[EventDate "2006.11.02"]
[EventType "tourn"]
[EventRounds "9"]
[EventCountry "ESP"]
[SourceTitle "EXT 2008"]
[Source "ChessBase"]
[SourceDate "2007.11.25"]
[SourceVersion "1"]
[SourceVersionDate "2007.11.25"]
[SourceQuality "1"]

1. Nf3 c5 2. g3 Nc6 3. d3 g6 4. Bg2 Bg7 5. 0-0 e6 6. e4 d6 7. Re1 Nge7 8. Nbd2 Rb8 9. Nf1 b5 10. c3 0-0 11. d4 b4 12. Be3 bxc3 13. bxc3 Qa5 14. Qd2 Rd8 15. Rab1 Ba6 16. Rec1 Bc4 17. Qc2 Qa6 18. Rxb8 Rxb8 19. Rb1 Rxb1 20. Qxb1 Bd3 21. Qb2 Bxe4 22. N1d2 Bd5 23. dxc5 dxc5 24. Bxc5 Qxa2 25. Qb7 Bxc3 26. Bxe7 Nxe7 27. Qxe7 Bxd2 28. Nxd2 Qxd2 29. Qxa7 Qc1+ 30. Bf1 Bc4 31. Qa8+ Kg7 32. Qg2 g5 33. f3 h5 34. Qf2 e5 35. Kg2 Qxf1+ 36. Qxf1 Bxf1+ 37. Kxf1 g4 38. Ke2 Kf6 39. Ke3 Kf5 40. Kf2 Ke6 41. Kg2 Kd5 42. h3 f5 43. hxg4 hxg4 44. fxg4 fxg4 45. Kf2 Kd4 46. Ke2 Ke4 47. Kf2 Kd3 48. Kf1 Kd2 0-1

[Event "Galapagar op 07th"]
[Site "Galapagar"]
[Date "2006.07.23"]
[Round "2"]
[White "Ballesteros Gonzalez, David"]
[Black "Tejedo Meneses, Alvaro"]
[Result "1/2-1/2"]
[WhiteElo "2257"]
[BlackElo "2020"]
[PlyCount "119"]
[EventDate "2006.07.22"]
[EventType "swiss"]
[EventRounds "7"]
[EventCountry "ESP"]
[SourceTitle "EXT 2007"]
[Source "ChessBase"]
[SourceDate "2006.11.23"]
[SourceVersion "1"]
[SourceVersionDate "2006.11.23"]
[SourceQuality "1"]

1. d4 Nf6 2. c4 g6 3. Nc3 d5 4. e3 Bg7 5. Nf3 0-0 6. Qb3 dxc4 7. Bxc4 Nc6 8. Be2 b6 9. Bd2 Bb7 10. 0-0 Rc8 11. Rfd1 e6 12. Rac1 Qe7 13. e4 h6 14. e5 Nd7 15. Qa4 Qb4 16. Qxb4 Nxb4 17. Nb5 Nc6 18. Rxc6 Bxc6 19. Nxa7 Bxf3 20. Bxf3 Rce8 21. b4 Nb8 22. b5 Rd8 23. Bb4 Rfe8 24. Nc6 Rd7 25. d5 Nxc6 26. bxc6 Rdd8 27. d6 Bxe5 28. d7 Rf8 29. g3 Kg7 30. Be7 Bf6 31. Bd6 cxd6 32. Rxd6 Be5 33. Rd3 Kf6 34. Ra3 Ke7 35. Ra7 Kd6 36. Rb7 Bd4 37. Kg2 f5 38. Kf1 e5 39. c7 Rxd7 40. Rb8 Rxc7 41. Rxf8 e4 42. Bd1 Rc1 43. Ke2 Ke5 44. Re8+ Kf6 45. Rd8 Bc5 46. h4 Rb1 47. Rd2 g5 48. hxg5+ hxg5 49. Kf1 e3 50. fxe3 Bxe3 51. Rd3 Bc5 52. Ke2 Ke5 53. Rd2 Rb4 54. Kf3 Re4 55. Kg2 Re1 56. Re2+ Rxe2+ 57. Bxe2 f4 58. gxf4+ Kxf4 59. Bb5 Ke3 60. a4 1/2-1/2